Mies van der Rohe: el pabellón de Barcelona
Gardado en:
| Main Authors: | , , |
|---|---|
| Formato: | Libro |
| Idioma: | Lingua castelá |
| Publicado: |
Barcelona
Gustavo Gili
1993
|
| Subjects: | |
| Tags: |
Engadir etiqueta
Sen Etiquetas, Sexa o primeiro en etiquetar este rexistro!
|
MARC
| LEADER | 00000nam a2200000 a 4500 | ||
|---|---|---|---|
| 001 | UCQ8160 | ||
| 003 | CL-VaPUC | ||
| 008 | 981127e19930000SP |||||||||||||||||spa|d | ||
| 082 | 0 | 4 | |a 725.91 |b SOL |2 21 |
| 100 | 0 | |a Solà Morales, Ignasi de |e author |9 421968 | |
| 700 | 0 | |a Cirici, Cristian |e author |9 421969 | |
| 700 | 0 | |a Ramos, Fernando |e author |9 421970 | |
| 245 | 1 | 0 | |a Mies van der Rohe: el pabellón de Barcelona |
| 300 | |a 71 p | ||
| 942 | |c BK | ||
| 945 | |d 19981127 00:00:00 |a aarredon | ||
| 260 | |a Barcelona |b Gustavo Gili |c 1993 | ||
| 600 | 0 | |a Mies Van der Rohe, Ludwig, |d 1886-1969 |9 269040 | |
| 650 | 7 | |a PABELLONES |2 CL-VaPUC |9 421971 | |
| 650 | 0 | |a Exposiciones |9 265884 | |
| 650 | 0 | |a Arquitectura moderna |9 265021 | |
| 650 | 0 | |a Arquitectos |9 268647 | |
| 650 | 0 | |a Diseño arquitectónico |9 265271 | |
| 650 | 7 | |a ESTRUCTURAS ARQUITECTONICAS |2 CL-VaPUC |9 421972 | |
| 651 | 7 | |a BARCELONA |2 CL-VaPUC |9 267989 | |
| 583 | |a last modification |c 19981127 00:00:00 |k Rodrigo Vera | ||
| 999 | |c 277455 |d 277453 | ||
| 952 | |0 0 |1 0 |4 0 |6 725_910000000000000_SOL_1993 |7 0 |8 A |9 315391 |a BIBARQ |b BIBARQ |d 2019-11-20 |i 3484394 |l 1 |o 725.91 SOL 1993 |p 3484394 |r 2025-01-20 |s 2024-09-27 |w 2019-11-20 |y BK |k ARQ | ||